Composition de l'OGC Nice (1ère journée 22/23) - Statistiques

Statistiques générales
  • Ce quiz a été pris 157 fois
  • Le résultat moyen est 8 sur 11
Statistiques - réponses
Pays Joueur % Correct
🇧🇷 DC Dante
99%
🇩🇿 BU Andy Delort
91%
🇫🇷 DC Jean-Clair Todibo
90%
🇵🇱 G Marcin Bulka
89%
🇫🇷 MCG Khephren Thuram
87%
🇫🇷 DG Melvin Bard
86%
🇫🇷 AG Amine Gouiri
77%
🇨🇭 DD Jordan Lotomba
69%
🇳🇱 MC Pablo Rosario
66%
🇳🇱 AD Calvin Stengs
63%
🇫🇷 MCD Alexis Beka Beka
25%
Aucun quiz correspondant
Distribution des résultats
% des personnes avec chaque résultat
Percentile par nombre de réponses
Votre historique - résultats
Vous n’avez pas pris ce quiz